[Event "Detroit (MI Op/4/5)"]
[Site "?"]
[Date "1994.??.??"]
[Round "?"]
[White "Calton, Bill"]
[Black "Stone, Ray"]
[Result "1/2-1/2"]
[WhiteElo "2170"]
[BlackElo "2435"]
[PlyCount "66"]
[EventDate "1994.??.??"]

{4/(5)} 1. e4 c5 2. Nc3 Nc6 3. g3 g6 4. Bg2 Bg7 5. d3 d6 6. Be3 e5 7. Qd2 h6 8.
Nge2 Nge7 9. O-O Nd4 10. f4 Be6 11. Rae1 Qa5 12. a3 Rc8 13. b4 cxb4 14. Bxd4
exd4 15. Nd5 Bxd5 16. exd5 O-O 17. axb4 Qa4 18. Ra1 Qxc2 19. Rfd1 a6 20. g4 f5
21. h3 Qxd2 22. Rxd2 Rc7 23. Rb2 g5 24. fxg5 fxg4 25. hxg4 hxg5 26. Be4 Be5 27.
Kg2 Rf6 28. Rf1 Rxf1 29. Kxf1 Kg7 30. Ke1 Ng6 31. Kd1 Kf6 32. Rc2 Rxc2 33. Kxc2
Nf4 1/2-1/2

[Event "Eastpointe (EDO/2/4)"]
[Site "?"]
[Date "1994.??.??"]
[Round "?"]
[White "Calton, Bill"]
[Black "Selitsky, B."]
[Result "1-0"]
[WhiteElo "2170"]
[BlackElo "1900"]
[PlyCount "101"]
[EventDate "1994.??.??"]

{2/(4)} 1. d4 d5 2. e3 Nf6 3. Bd3 c5 4. c3 e6 5. Nd2 Nbd7 6. f4 b6 7. Nh3 Bb7
8. Qf3 g6 9. O-O Bg7 10. b3 O-O 11. Bb2 Ne8 12. e4 cxd4 13. cxd4 dxe4 14. Bxe4
Bxe4 15. Nxe4 Ndf6 16. Nd2 Nd5 17. Nc4 Nd6 18. Ne5 Rc8 19. Ng5 h6 20. Ne4 Nxe4
21. Qxe4 Nf6 22. Qd3 Qd5 23. Rac1 Ne4 24. Nc4 Nf6 25. Rfe1 Rfd8 26. a4 Qb7 27.
Rcd1 Nd5 28. Qe4 Qc7 29. Rf1 Nf6 30. Qe2 Qb7 31. Rfe1 Nd5 32. Qf3 Qc7 33. Rf1
a6 34. Rc1 Qb8 35. Ne5 Rxc1 36. Rxc1 Rc8 37. Qf1 Bxe5 38. fxe5 Rxc1 39. Bxc1 b5
40. axb5 Qxb5 41. Qxb5 axb5 42. Bxh6 Ne7 43. Kf2 Nc6 44. Ke3 Na5 45. Kd3 Nxb3
46. Bd2 Kf8 47. Bc3 Nc1+ 48. Kd2 Na2 49. Kc2 Ke8 50. Bd2 b4 51. Kb3 1-0

[Event "Detroit (MI Op/1a/12)"]
[Site "?"]
[Date "1994.??.??"]
[Round "?"]
[White "Calton, Bill"]
[Black "Morabito, Matthew"]
[Result "1-0"]
[WhiteElo "2170"]
[BlackElo "1890"]
[PlyCount "41"]
[EventDate "1994.??.??"]

1. e4 e5 2. Bc4 Nf6 3. d3 g6 4. f4 d6 5. Nf3 Nc6 6. Ng5 d5 7. exd5 Nxd5 8. Nc3
Bb4 9. O-O Bxc3 10. bxc3 O-O 11. f5 Nxc3 12. Qd2 Qd4+ 13. Kh1 Bxf5 14. Nxh7 e4
15. Nxf8 Rxf8 16. Bb2 exd3 17. Qxc3 Qxc3 18. Bxc3 dxc2 19. Bf6 a6 20. Rf4 b5
21. Rh4 1-0

[Event "Eastpointe (MI Action/6/2)"]
[Site "?"]
[Date "1994.??.??"]
[Round "?"]
[White "Calton, Bill"]
[Black "Mailing, Ian"]
[Result "0-1"]
[WhiteElo "2220"]
[BlackElo "2075"]
[PlyCount "65"]
[EventDate "1994.??.??"]

{6/(2)} 1. d4 d5 2. e3 Nf6 3. Bd3 g6 4. Nd2 Bg7 5. Ngf3 O-O 6. Ne5 c5 7. b3 Qc7
8. Bb2 Nc6 9. O-O Nxe5 10. dxe5 Ng4 11. c3 Nxe5 12. Be2 Bf5 13. Nf3 Nxf3+ 14.
Bxf3 Rad8 15. Qe2 e5 16. g3 Rfe8 17. Rac1 Bh6 18. Rcd1 d4 19. cxd4 exd4 20. e4
Bd7 21. Qc2 Qe5 22. a4 b6 23. Rfe1 Bh3 24. Qc4 Be6 25. Qd3 Rc8 26. Bg2 Qh5 27.
Bc1 Bxc1 28. Rxc1 Rc7 29. f4 Rce7 30. Rf1 Bg4 31. Rf2 Bc8 32. Bf3 Bg4 33. Bxg4
0-1

[Event "Detroit (MI Op/7/5)"]
[Site "?"]
[Date "1994.??.??"]
[Round "?"]
[White "Calton, Bill"]
[Black "Linn, Peter"]
[Result "1-0"]
[WhiteElo "2170"]
[BlackElo "2155"]
[PlyCount "74"]
[EventDate "1994.??.??"]

{7/(5)} 1. d4 f5 2. g4 fxg4 3. h3 d5 4. Qd3 g3 5. fxg3 g6 6. Bf4 Bg7 7. Nc3 c6
8. O-O-O Bf5 9. e4 dxe4 10. Qc4 Nf6 11. g4 Bd7 12. Nge2 Qc8 13. Be5 Be6 14. d5
cxd5 15. Qxc8+ Bxc8 16. Nxd5 Nxd5 17. Bxg7 Rg8 18. Bh6 Nf6 19. Nc3 Be6 20. Bg2
Nbd7 21. Be3 a6 22. Nxe4 Nd5 23. Nd6+ exd6 24. Bxd5 Bxd5 25. Rxd5 O-O-O 26.
Rxd6 Rde8 27. Rhd1 Rxe3 28. Rxd7 Rxh3 29. Rf7 Re8 30. Rdd7 Re2 31. Rc7+ Kd8 32.
Rxh7 Rg3 33. Rhd7+ Ke8 34. b3 Rgg2 35. Rd4 Re7 36. Rdc4 Re6 37. Rxb7 Rd6 1-0

[Event "Eastpointe (MI Action/4/3)"]
[Site "?"]
[Date "1994.??.??"]
[Round "?"]
[White "Calton, Bill"]
[Black "LaMar, Frank"]
[Result "1-0"]
[WhiteElo "2220"]
[BlackElo "2120"]
[PlyCount "54"]
[EventDate "1994.??.??"]

{4/(3)} 1. d4 d5 2. e3 Nc6 3. f4 Bf5 4. Nf3 Nf6 5. Bb5 g6 6. Ne5 Bd7 7. Bd3 Bg7
8. Nd2 Nb4 9. a3 Nxd3+ 10. cxd3 Bb5 11. b4 c6 12. Qb3 a5 13. a4 axb4 14. Bb2
Ba6 15. Qxb4 Qd6 16. Ba3 Qxb4 17. Bxb4 Bb5 18. Ke2 Ba6 19. Nb3 Ne4 20. Rhd1 f6
21. Nf3 Kf7 22. Ke1 Nd6 23. Kd2 h5 24. Rdc1 h4 25. h3 Nf5 26. Nc5 Bh6 27. a5
Rad8 1-0

[Event "Eastpointe (MI Action/2/4)"]
[Site "?"]
[Date "1994.??.??"]
[Round "?"]
[White "Calton, Bill"]
[Black "Grams, Paul"]
[Result "1-0"]
[WhiteElo "2220"]
[BlackElo "1815"]
[PlyCount "51"]
[EventDate "1994.??.??"]

{2/(4)} 1. d4 Nf6 2. e3 g6 3. Nf3 Bg7 4. Be2 O-O 5. b3 c5 6. Bb2 Qc7 7. O-O d5
8. c4 Bf5 9. Na3 a6 10. Rc1 Nc6 11. cxd5 Nxd5 12. Rxc5 Rfd8 13. Nd2 Ndb4 14. e4
Bc8 15. Nf3 Qf4 16. e5 b6 17. Rc4 Be6 18. d5 Nxd5 19. Rxf4 Nxf4 20. Qe1 a5 21.
Bb5 Nb4 22. Qe4 Nfd3 23. Bxd3 Nxd3 24. Bd4 Bf5 25. Qb7 Rac8 26. Nc4 1-0

[Event "Detroit (MEX/4/2)"]
[Site "?"]
[Date "1994.??.??"]
[Round "?"]
[White "Calton, Bill"]
[Black "Dangremond, Leonard"]
[Result "1-0"]
[WhiteElo "2110"]
[BlackElo "2030"]
[PlyCount "127"]
[EventDate "1994.??.??"]

{4/(2)} 1. e4 e5 2. Bc4 Nf6 3. d3 Bc5 4. Nc3 d6 5. f4 Nc6 6. Nf3 Bg4 7. Na4 Bb6
8. Nxb6 axb6 9. h3 Bxf3 10. Qxf3 Nd4 11. Qf2 b5 12. Bb3 Nxb3 13. cxb3 Qe7 14.
O-O O-O 15. a3 b4 16. Be3 exf4 17. Bxf4 bxa3 18. bxa3 Nd7 19. Qc2 Nc5 20. Be3
Ne6 21. a4 Ra6 22. Rae1 Qd7 23. Rf5 c5 24. Ref1 b5 25. axb5 Qxb5 26. Qc4 Qxc4
27. bxc4 Ra3 28. Rd5 Rd8 29. Rb1 Ra6 30. Rb7 Rc6 31. e5 Kf8 32. exd6 Rcxd6 33.
Bxc5 Nxc5 34. Rxc5 Rxd3 35. Rcc7 Rd1+ 36. Kf2 R1d2+ 37. Kg3 R2d3+ 38. Kh2 f6
39. Rf7+ Kg8 40. Rxg7+ Kf8 41. Rxh7 Kg8 42. Rhg7+ Kh8 43. c5 Rc8 44. Rgc7 Rxc7
45. Rxc7 Kg8 46. c6 Rc3 47. Rc8+ Kf7 48. c7 Kg7 49. Kg1 Rc2 50. Kf1 Rc6 51. h4
Rc1+ 52. Ke2 Rc2+ 53. Kd3 Rc1 54. h5 Rc6 55. h6+ Kh7 56. Ke4 Rc1 57. Kf5 Rf1+
58. Ke6 Re1+ 59. Kxf6 Rf1+ 60. Kg5 Rc1 61. g4 Rc2 62. Kf4 Rc1 63. g5 Rf1+ 64.
Ke3 1-0

[Event "Detroit (MEX/1/3)"]
[Site "?"]
[Date "1994.??.??"]
[Round "?"]
[White "Calton, Bill"]
[Black "Brooks, John"]
[Result "1-0"]
[WhiteElo "2110"]
[BlackElo "2245"]
[PlyCount "57"]
[EventDate "1994.??.??"]

{1/(3)} 1. e4 c5 2. Nc3 Nc6 3. g3 g6 4. Bg2 Bg7 5. d3 d6 6. Be3 h5 7. Qd2 Nh6
8. h3 Rb8 9. Nge2 Qb6 10. Rb1 e6 11. b4 Nxb4 12. a3 a5 13. axb4 axb4 14. Nd1
Qa5 15. O-O Qa2 16. Nb2 b5 17. d4 d5 18. dxc5 Bxb2 19. Rxb2 Qxb2 20. Bd4 Qa2
21. Bxh8 Ng8 22. exd5 b3 23. dxe6 Ne7 24. exf7+ Kxf7 25. Qf4+ Bf5 26. Qxb8 Bxc2
27. Qe5 Bd3 28. Bd5+ Ke8 29. Bc6+ 1-0

[Event "Ann Arbor (HVA/5/6)"]
[Site "?"]
[Date "1994.??.??"]
[Round "?"]
[White "Caldwell, B."]
[Black "Simmons, M."]
[Result "1-0"]
[WhiteElo "1605"]
[BlackElo "1605"]
[PlyCount "49"]
[EventDate "1994.??.??"]

{5/(6)} 1. e4 e5 2. Nf3 d6 3. d4 f6 4. Nc3 Bg4 5. d5 f5 6. Be2 fxe4 7. Nxe4
Bxf3 8. Bxf3 Nd7 9. O-O Qe7 10. Ng5 O-O-O 11. Ne6 Re8 12. Be3 b6 13. Qd3 Nc5
14. Nxc5 dxc5 15. Bg4+ Kb7 16. Bf3 Qd6 17. Qb5 Kc8 18. Qxe8+ Qd8 19. Bg4+ Kb7
20. Qxd8 Ne7 21. d6 cxd6 22. Qxd6 Nc6 23. Qd7+ Kb8 24. Qxc6 Be7 25. Bf3 1-0

[Event "Ann Arbor (HVA/1/9)"]
[Site "?"]
[Date "1994.??.??"]
[Round "?"]
[White "Caldwell, B."]
[Black "Brotherton, D."]
[Result "0-1"]
[WhiteElo "1605"]
[BlackElo "1605"]
[PlyCount "58"]
[EventDate "1994.??.??"]

{1/(9)} 1. e4 c6 2. d4 d5 3. Nc3 dxe4 4. Nxe4 Nd7 5. Nf3 Ngf6 6. Bd3 Nxe4 7.
Bxe4 Nf6 8. Bd3 Bg4 9. h3 Bxf3 10. Qxf3 Qxd4 11. Qe3 Qxe3+ 12. Bxe3 e6 13. O-O
Be7 14. c3 O-O 15. b4 Nd5 16. Bd4 Bf6 17. Bxf6 Nxf6 18. Rfe1 Rfd8 19. Rad1 h6
20. Rd2 Rd7 21. Red1 Rad8 22. f3 Nd5 23. c4 Nf6 24. Kf2 Kf8 25. Ke3 a6 26. g4
b5 27. cxb5 cxb5 28. Ke2 Nd5 29. Be4 Nc3+ 0-1

[Event "Ann Arbor (HVA/2/9)"]
[Site "?"]
[Date "1994.??.??"]
[Round "?"]
[White "Caldwell, B."]
[Black "Aldrich, Justin"]
[Result "1-0"]
[WhiteElo "1605"]
[BlackElo "1605"]
[PlyCount "115"]
[EventDate "1994.??.??"]

{2/(9)} 1. e4 e5 2. Nf3 d6 3. d4 exd4 4. Nxd4 Nf6 5. Nc3 Be7 6. Bd3 O-O 7. O-O
Bd7 8. Bg5 h6 9. Bxf6 Bxf6 10. Nf3 Nc6 11. Re1 Bg4 12. h3 Bh5 13. g4 Bg6 14.
Rb1 Nd4 15. Nxd4 Bxd4 16. Bc4 Qf6 17. Qd2 Rfe8 18. Nd5 Qe5 19. Nxc7 Qc5 20.
Nxe8 Bxf2+ 21. Qxf2 Qxf2+ 22. Kxf2 Rxe8 23. Kf3 a6 24. Bd5 Re7 25. Rbc1 b5 26.
c4 bxc4 27. Rxc4 Re5 28. Rc6 a5 29. Rxd6 Kh7 30. Ra6 f6 31. Rxa5 h5 32. b4 Kh6
33. b5 Re8 34. b6 hxg4+ 35. hxg4 f5 36. gxf5 Bh5+ 37. Kf4 g5+ 38. fxg6 Kxg6 39.
b7 Rf8+ 40. Ke5 Re8+ 41. Kd4 Rb8 42. Ra8 Rxb7 43. Bxb7 Kf6 44. Rf1+ Ke7 45. Rf5
Bg6 46. a4 Bxf5 47. exf5 Kf6 48. a5 Kxf5 49. a6 Ke6 50. a7 Kd6 51. Rc8 Ke7 52.
a8=Q Kd6 53. Qa6+ Kd7 54. Qc6+ Ke7 55. Re8+ Kf7 56. Qe6+ Kg7 57. Rg8+ Kh7 58.
Qg6# 1-0

[Event "Fowlerville (Jun)"]
[Site "?"]
[Date "1994.??.??"]
[Round "?"]
[White "Burris, D."]
[Black "Wright, Ken"]
[Result "0-1"]
[WhiteElo "1755"]
[BlackElo "1605"]
[PlyCount "78"]
[EventDate "1994.??.??"]

1. f4 d5 2. Nf3 Nf6 3. e3 Bg4 4. b3 h6 5. Bb2 e6 6. Be2 Nc6 7. O-O Bd6 8. Ne5
Bf5 9. Bb5 Bxe5 10. Bxc6+ bxc6 11. fxe5 Ne4 12. d3 Nc5 13. b4 Nd7 14. Nd2 Qh4
15. d4 g5 16. Nf3 Qe4 17. Qd3 Qxd3 18. cxd3 Bxd3 19. Rfc1 Bc4 20. Nd2 Nb6 21.
a4 a5 22. bxa5 Rxa5 23. Bc3 Rxa4 24. Rxa4 Nxa4 25. Nxc4 dxc4 26. Ba5 Nb6 27.
Ra1 Kd7 28. Bxb6 cxb6 29. Ra7+ Kc8 30. Ra8+ Kc7 31. Rxh8 c3 32. Rf8 b5 33.
Rxf7+ Kb6 34. Rf2 b4 35. Rc2 Kb5 36. Kf2 Kc4 37. Ke2 b3 38. Kd1 bxc2+ 39. Kxc2
g4 0-1

[Event "Fowlerville (Jun)"]
[Site "?"]
[Date "1994.??.??"]
[Round "?"]
[White "Burris, D."]
[Black "Palmerton, W."]
[Result "1-0"]
[WhiteElo "1755"]
[BlackElo "1605"]
[PlyCount "53"]
[EventDate "1994.??.??"]

1. f4 d5 2. Nf3 Nc6 3. e3 Bg4 4. Bb5 Qd6 5. O-O O-O-O 6. d4 f6 7. h3 Bh5 8. c4
dxc4 9. Bxc4 e5 10. g4 Bg6 11. f5 Be8 12. d5 Qb4 13. Qe2 Na5 14. b3 Nxc4 15.
bxc4 g6 16. Ba3 Qa5 17. Bxf8 Rd7 18. Qd2 c5 19. Qxa5 b6 20. Qa6+ Kd8 21. Nc3
Bf7 22. Nb5 Ke8 23. Bg7 gxf5 24. Qc8+ Rd8 25. Nc7+ Ke7 26. d6+ Rxd6 27. Bf8#
1-0

[Event "Gaylord (NMO/4/6)"]
[Site "?"]
[Date "1994.??.??"]
[Round "?"]
[White "Burris, D."]
[Black "Miller, J."]
[Result "1-0"]
[WhiteElo "1740"]
[BlackElo "1605"]
[PlyCount "39"]
[EventDate "1994.??.??"]

{4/(6)} 1. f4 b6 2. b3 Bb7 3. Bb2 e6 4. c4 Nf6 5. e3 d5 6. Nf3 Nbd7 7. Nc3 Bb4
8. Bd3 Qe7 9. a3 Bxc3 10. Bxc3 O-O-O 11. b4 dxc4 12. Bxc4 h5 13. Qe2 Nb8 14.
O-O Rhg8 15. Rac1 Ng4 16. h3 Nh6 17. Be5 f6 18. Bxe6+ Nd7 19. Rxc7+ Kb8 20.
Rxd7+ 1-0

[Event "Gaylord (NMO/2/7)"]
[Site "?"]
[Date "1994.??.??"]
[Round "?"]
[White "Burris, D."]
[Black "McNamara, Ron"]
[Result "1-0"]
[WhiteElo "1740"]
[BlackElo "1605"]
[PlyCount "115"]
[EventDate "1994.??.??"]

{2/(7)} 1. f4 d5 2. Nf3 Bg4 3. e3 e6 4. a3 Nd7 5. d4 Ngf6 6. Bd3 Ne4 7. O-O f5
8. Be2 Bd6 9. Ne5 Bxe2 10. Qxe2 Ndf6 11. Nd2 Bxe5 12. fxe5 Ng4 13. Nxe4 dxe4
14. h3 Nh6 15. Qb5+ Qd7 16. Qxb7 O-O 17. b4 a6 18. d5 exd5 19. Rd1 Rfd8 20. Bb2
Nf7 21. c4 c6 22. Qb6 Qe8 23. cxd5 cxd5 24. Qd4 Qe6 25. Rac1 Rac8 26. Rxc8 Rxc8
27. Qxd5 Qxd5 28. Rxd5 Rc2 29. Bd4 Kf8 30. e6 Ng5 31. Rxf5+ Ke7 32. Rxg5 g6 33.
Re5 Rc6 34. Rxe4 Rxe6 35. Bc5+ Kf6 36. Rf4+ Kg7 37. Bd4+ Kg8 38. h4 h5 39. g4
hxg4 40. Rxg4 Kh7 41. Kg2 Kh6 42. Kg3 Re7 43. Bc5 Re5 44. a4 Kh5 45. e4 g5 46.
Bd4 Re6 47. Rxg5+ Kh6 48. e5 Rc6 49. Bc5 a5 50. Bf8+ Kh7 51. Rg7+ Kh8 52. bxa5
Rc3+ 53. Kg4 Rc4+ 54. Kg5 Rxa4 55. Re7 Rxa5 56. Kg6 Ra4 57. Bh6 Rxh4 58. Re8#
1-0

[Event "Detroit (Class A/4/9)"]
[Site "?"]
[Date "1994.??.??"]
[Round "?"]
[White "Burg, Dan"]
[Black "Smith, Ed"]
[Result "0-1"]
[WhiteElo "1825"]
[BlackElo "1820"]
[PlyCount "56"]
[EventDate "1994.??.??"]

{4/(9)} 1. e4 c5 2. f4 Nc6 3. Nf3 d6 4. Nc3 g6 5. d3 Bg7 6. Bd2 e6 7. Be2 Nge7
8. O-O O-O 9. Qe1 Nd4 10. Bd1 Nec6 11. Rb1 Nxf3+ 12. Bxf3 Nd4 13. Bd1 b5 14.
Ne2 Nxe2+ 15. Bxe2 b4 16. c3 a5 17. Bf3 Rb8 18. Qe3 Qb6 19. e5 Ba6 20. Rfe1
dxe5 21. fxe5 Rfd8 22. Be2 Rd7 23. Rbd1 Rbd8 24. Bc1 Qc7 25. Bf1 Rd5 26. d4
cxd4 27. cxd4 Bxf1 28. Rxf1 Bxe5 0-1

[Event "Detroit (Class A/5/10)"]
[Site "?"]
[Date "1994.??.??"]
[Round "?"]
[White "Burg, Dan"]
[Black "Marshall, Larry"]
[Result "1-0"]
[WhiteElo "1825"]
[BlackElo "1940"]
[PlyCount "141"]
[EventDate "1994.??.??"]

{5/(10)} 1. e4 e6 2. d4 d5 3. Nd2 a6 4. Bd3 Nf6 5. e5 Nfd7 6. Ne2 c5 7. c3 Nc6
8. f4 cxd4 9. cxd4 Be7 10. O-O O-O 11. Nf3 f6 12. Be3 fxe5 13. fxe5 Qb6 14. Qd2
Qb4 15. Rac1 Qxd2 16. Bxd2 Nb6 17. Ng5 h6 18. Nh3 g5 19. Nf2 Bd7 20. Ng4 Kg7
21. Ng3 Be8 22. Be3 Bg6 23. Be2 h5 24. Nf2 g4 25. h3 h4 26. Nxg4 hxg3 27. Bh6+
Kh7 28. Bxf8 Rxf8 29. Nf6+ Bxf6 30. exf6 Nd7 31. Bg4 Rxf6 32. Rxf6 Nxf6 33.
Bxe6 Nxd4 34. Rc7+ Kh6 35. Bc8 Bd3 36. Bxb7 Kg5 37. Rg7+ Kf4 38. Rf7 Ke5 39.
Re7+ Kd6 40. Rf7 Ne4 41. Rf8 Ne2+ 42. Kf1 Ke7 43. Ra8 Nd2+ 44. Ke1 Nf3+ 45. Kd1
Nf4 46. Rg8 Nxg2 47. Rxg3 Ne3+ 48. Kc1 Be4 49. Bxa6 d4 50. a4 Kf6 51. a5 Kf5
52. Be2 Kf4 53. Rxf3+ Bxf3 54. Bxf3 Kxf3 55. a6 Ke2 56. a7 d3 57. a8=Q d2+ 58.
Kb1 d1=Q+ 59. Ka2 Qd5+ 60. Qxd5 Nxd5 61. h4 Kd3 62. h5 Nf6 63. h6 Kc4 64. Ka3
Nh7 65. Ka4 Kc5 66. Ka5 Kc6 67. b4 Kb7 68. Kb5 Kc7 69. Ka6 Kb8 70. Kb6 Kc8 71.
Ka7 1-0

[Event "Detroit (Class DE/2/7)"]
[Site "?"]
[Date "1994.??.??"]
[Round "?"]
[White "Bulliner, T."]
[Black "Raupp, Kenneth A"]
[Result "0-1"]
[WhiteElo "1605"]
[BlackElo "1605"]
[PlyCount "78"]
[EventDate "1994.??.??"]

{2/(7)} 1. e4 e6 2. Nf3 d5 3. e5 c5 4. c3 Qb6 5. d4 Nc6 6. Be2 Nge7 7. O-O Nf5
8. b3 cxd4 9. cxd4 Nfxd4 10. Be3 Nxe2+ 11. Qxe2 Qc7 12. Rc1 Bd7 13. a3 Rc8 14.
Nbd2 Qb8 15. Bf4 Be7 16. Qe3 O-O 17. b4 Rc7 18. Re1 Rfc8 19. Qd3 Nd8 20. Ng5
Bxg5 21. Bxg5 Rc3 22. Qe2 Nc6 23. Nf3 Rxf3 24. Qxf3 Nd4 25. Qg4 Nc2 26. Bh6 g6
27. Qg5 Nd4 28. Qf6 Nf5 29. g4 Nxh6 30. h3 Rc3 31. Kg2 Bc6 32. f3 Qf8 33. a4
Qxb4 34. Kg3 Ra3 35. Kh4 Nf5+ 36. Qxf5 gxf5 37. Rg1 Qf4 38. Rg3 Rxf3 39. a5 h6
0-1

[Event "Detroit (Class DE/5/6)"]
[Site "?"]
[Date "1994.??.??"]
[Round "?"]
[White "Bulliner, T."]
[Black "Miller, J."]
[Result "1/2-1/2"]
[WhiteElo "1605"]
[BlackElo "1605"]
[PlyCount "52"]
[EventDate "1994.??.??"]

{5/(6)} 1. e4 e6 2. d4 d5 3. exd5 exd5 4. Nf3 c5 5. Nc3 Nf6 6. Be2 Nbd7 7. O-O
Bd6 8. Bg5 h6 9. Bh4 Qc7 10. Nb5 Qb6 11. Nxd6+ Qxd6 12. Bg3 Qb6 13. b3 O-O 14.
c3 Ne4 15. Qd3 Ndf6 16. Nd2 Bf5 17. Be5 Nxd2 18. Qxd2 Ne4 19. Qe3 f6 20. dxc5
Qxc5 21. Qxc5 Nxc5 22. Bd6 Rfe8 23. Bxc5 Rxe2 24. Rfe1 Rc2 25. Bd4 Bg6 26. a4
a6 1/2-1/2

[Event "Detroit (Beg/1/13)"]
[Site "?"]
[Date "1994.??.??"]
[Round "?"]
[White "Bullard, M."]
[Black "Prince, S."]
[Result "0-1"]
[WhiteElo "1605"]
[BlackElo "1605"]
[PlyCount "108"]
[EventDate "1994.??.??"]

{1/(13)} 1. e4 c5 2. Nc3 d6 3. Nf3 Nf6 4. Bb5+ Bd7 5. Bxd7+ Nbxd7 6. d3 g6 7.
Bg5 Bg7 8. O-O O-O 9. Re1 Rc8 10. Rc1 Re8 11. Nd5 Nxd5 12. exd5 Bxb2 13. Rb1
Qa5 14. Rxb2 f6 15. Bd2 Qa4 16. h3 c4 17. Rxb7 Qxa2 18. Rxd7 cxd3 19. c3 a5 20.
Qa1 Qxd5 21. Ra7 Ra8 22. Rxa8 Rxa8 23. Qb2 a4 24. Ra1 e5 25. Rxa4 Rxa4 26. Qb8+
Kg7 27. Qc7+ Qf7 28. Qc6 Ra1+ 29. Ne1 Rd1 30. Kf1 Rxd2 31. Qxd6 Qc4 32. Qe7+
Kh6 33. Qf8+ Kg5 34. Nf3+ Kf4 35. Nxd2 Qxc3 36. Kg1 Qxd2 37. Qxf6+ Ke4 38. f3+
Kd4 39. Qd6+ Kc3 40. Qxe5+ Kc2 41. Qc5+ Qc3 42. Qf2+ d2 43. Qxd2+ Qxd2 44. f4
Qxf4 45. g3 Qxg3+ 46. Kh1 Qxh3+ 47. Kg1 Kd2 48. Kf2 Qe3+ 49. Kf1 Kd3 50. Kg2
Ke4 51. Kf1 Qa3 52. Kg1 Qa2 53. Kf1 Kf3 54. Kg1 Qg2# 0-1

[Event "Detroit (Beg/3/14)"]
[Site "?"]
[Date "1994.??.??"]
[Round "?"]
[White "Bullard, M."]
[Black "Dangremond, J."]
[Result "0-1"]
[WhiteElo "1605"]
[BlackElo "1605"]
[PlyCount "48"]
[EventDate "1994.??.??"]

{3/(14)} 1. e4 e5 2. Nf3 Nc6 3. Nc3 Bc5 4. Qe2 Nf6 5. Nh4 d6 6. f3 O-O 7. Qd1
g5 8. Nf5 Bxf5 9. exf5 Qc8 10. Bd3 d5 11. Rb1 Re8 12. a3 e4 13. Be2 Qxf5 14. b4
Bd6 15. g4 Qe5 16. b5 Nd4 17. Bf1 exf3+ 18. Kf2 Nxg4+ 19. Kg1 Nxh2 20. Bd3 a6
21. Bb2 Ne2+ 22. Nxe2 b6 23. bxa6 fxe2 24. Bxe2 Qg3# 0-1

[Event "Eastpointe (MI Action/1/9)"]
[Site "?"]
[Date "1994.??.??"]
[Round "?"]
[White "Bueno, A."]
[Black "McMahan, M."]
[Result "1-0"]
[WhiteElo "2070"]
[BlackElo "1605"]
[PlyCount "75"]
[EventDate "1994.??.??"]

{1/(9)} 1. e4 e5 2. Nf3 Nc6 3. d4 f6 4. Bc4 Nge7 5. dxe5 fxe5 6. Ng5 d5 7. exd5
Nd4 8. c3 h6 9. cxd4 hxg5 10. dxe5 Nf5 11. Nc3 a6 12. Ne4 b5 13. Bb3 Bb7 14.
Bxg5 Be7 15. Qd2 Bxg5 16. Nxg5 a5 17. a4 b4 18. O-O Ra6 19. d6 Rf8 20. Ne6 Qd7
21. Nxc7+ Kd8 22. Be6 Qc6 23. Bd5 Qb6 24. Bxb7 Qxb7 25. Ne6+ Ke8 26. Nxf8 Kxf8
27. d7 Rg6 28. d8=Q+ Kf7 29. Q8d7+ Ne7 30. Qxb7 Ke6 31. Qd6+ Kf5 32. Qxg6+ Kxg6
33. Qxe7 b3 34. f4 Kh7 35. Rf3 Kg6 36. f5+ Kh7 37. Rh3+ Kg8 38. Qe8# 1-0

[Event "Eastpointe (MI Action/5/6)"]
[Site "?"]
[Date "1994.??.??"]
[Round "?"]
[White "Bueno, A."]
[Black "Link, J."]
[Result "1-0"]
[WhiteElo "2070"]
[BlackElo "1740"]
[PlyCount "61"]
[EventDate "1994.??.??"]

{5/(6)} 1. e4 e5 2. Nf3 Nc6 3. Bb5 Bc5 4. O-O Nge7 5. c3 a6 6. Bxc6 Nxc6 7. d4
exd4 8. cxd4 Bb6 9. d5 Ne7 10. d6 cxd6 11. Nc3 O-O 12. Bf4 Bc7 13. Bxd6 Bxd6
14. Qxd6 b5 15. Rfd1 Nc6 16. Nd5 Nb8 17. Rac1 Bb7 18. Rc7 Bc6 19. Ne5 Bxd5 20.
exd5 Re8 21. Rdc1 f6 22. Nd3 a5 23. Nc5 Na6 24. Rxd7 Qc8 25. h3 Nxc5 26. Rxc5
Qb8 27. Rcc7 Re1+ 28. Kh2 Kh8 29. Rxg7 Ra7 30. Rxh7+ Kg8 31. Qg3+ 1-0

[Event "Detroit (CAO/1/3)"]
[Site "?"]
[Date "1994.??.??"]
[Round "?"]
[White "Bueno, A."]
[Black "Khraizat, Ali"]
[Result "1-0"]
[WhiteElo "2100"]
[BlackElo "1605"]
[PlyCount "61"]
[EventDate "1994.??.??"]

{1/(3)} 1. e4 e6 2. d4 d5 3. Nc3 Bb4 4. e5 Nc6 5. Nf3 Nge7 6. a3 Bxc3+ 7. bxc3
Nf5 8. Bd3 Nce7 9. a4 Bd7 10. O-O c5 11. Ba3 c4 12. Bxe7 Nxe7 13. Be2 Nf5 14.
Qd2 O-O 15. Ng5 f6 16. Nf3 Qe7 17. Qf4 fxe5 18. Nxe5 Rf6 19. Bg4 Raf8 20. Bxf5
Rxf5 21. Qe3 Bc8 22. f4 Rh5 23. Rf3 Qf6 24. Raf1 Qh6 25. h3 Qf6 26. g4 Rh4 27.
Kg2 Qh6 28. R3f2 Re8 29. Qg3 Re7 30. Nf3 Rf7 31. Qxh4 1-0

[Event "Detroit (CAO/3/3)"]
[Site "?"]
[Date "1994.??.??"]
[Round "?"]
[White "Bueno, A."]
[Black "Grams, Paul"]
[Result "1-0"]
[WhiteElo "2100"]
[BlackElo "1800"]
[PlyCount "61"]
[EventDate "1994.??.??"]

{3/(3)} 1. e4 c5 2. Nf3 Nc6 3. d4 cxd4 4. Nxd4 Nf6 5. Nc3 a6 6. Nxc6 bxc6 7. e5
Ng8 8. Bc4 d5 9. exd6 exd6 10. O-O Nf6 11. Re1+ Be7 12. Qe2 d5 13. Bd3 d4 14.
Na4 Nd5 15. Bg5 Ra7 16. c4 dxc3 17. Nxc3 O-O 18. Bxe7 Nxe7 19. Rad1 Qb6 20. Qc2
Ng6 21. Ne4 Qc7 22. Nc5 a5 23. a3 Qf4 24. Re3 Bg4 25. Rde1 Qd6 26. h3 Bc8 27.
Re8 f5 28. b4 axb4 29. axb4 Re7 30. Bc4+ Kh8 31. R1xe7 1-0

[Event "Detroit (CAO/5/1)"]
[Site "?"]
[Date "1994.??.??"]
[Round "?"]
[White "Bueno, A."]
[Black "Finegold, Ben"]
[Result "0-1"]
[WhiteElo "2100"]
[BlackElo "2615"]
[PlyCount "73"]
[EventDate "1994.??.??"]

{5/(1)} 1. e4 c5 2. Nf3 Nc6 3. d4 cxd4 4. Nxd4 Nf6 5. Nc3 d6 6. Bc4 Qb6 7. Nb3
e6 8. Be3 Qc7 9. Nb5 Qb8 10. f3 Be7 11. Bf4 Ne5 12. Be2 a6 13. N5d4 d5 14. Bxe5
Qxe5 15. exd5 Nxd5 16. g3 Bd7 17. Qd2 Rc8 18. f4 Qc7 19. O-O O-O 20. c3 Nb6 21.
Rad1 Ba4 22. Qe3 Bf6 23. Qe4 Rfe8 24. Bd3 g6 25. Rfe1 e5 26. fxe5 Bxe5 27. Qg2
Rcd8 28. Nf3 Bg7 29. Rxe8+ Rxe8 30. Re1 Rxe1+ 31. Nxe1 Bc6 32. Qf2 Na4 33. Bf1
Qe7 34. Nd4 Bxd4 35. cxd4 Nxb2 36. Bg2 Nd1 37. Qd2 0-1

[Event "Eastpointe (MI Action/3/3)"]
[Site "?"]
[Date "1994.??.??"]
[Round "?"]
[White "Bueno, A."]
[Black "Calton, Bill"]
[Result "0-1"]
[WhiteElo "2070"]
[BlackElo "2220"]
[PlyCount "64"]
[EventDate "1994.??.??"]

{3/(3)} 1. e4 c6 2. d4 d5 3. Nc3 dxe4 4. Nxe4 Nf6 5. Nxf6+ gxf6 6. Nf3 Bf5 7.
Bd3 Nd7 8. O-O Bg4 9. h3 Bh5 10. Bf4 Nb6 11. c3 Qd5 12. Be2 O-O-O 13. a4 a5 14.
Qc2 Rg8 15. Kh1 Bg6 16. Bd3 e6 17. Bg3 Be7 18. Rab1 Nc4 19. Rfe1 c5 20. Be4
Bxe4 21. Qxe4 Qxe4 22. Rxe4 f5 23. Re2 cxd4 24. Nxd4 Bf6 25. Nb5 e5 26. b3 Nd2
27. Rd1 Ne4 28. Ree1 Rxd1 29. Rxd1 Rxg3 30. Nd6+ Nxd6 31. fxg3 Ne4 32. Kh2 Nxc3
0-1

[Event "Detroit (Class C/2/24)"]
[Site "?"]
[Date "1994.??.??"]
[Round "?"]
[White "Brown, W."]
[Black "Salami, Samer"]
[Result "1-0"]
[WhiteElo "1605"]
[BlackElo "1605"]
[PlyCount "105"]
[EventDate "1994.??.??"]

{2/(24)} 1. e4 e5 2. Nf3 Nc6 3. Bc4 Nf6 4. Nc3 Bb4 5. d3 Bxc3+ 6. bxc3 b6 7.
O-O Bb7 8. Ba3 d6 9. Ng5 O-O 10. Re1 Na5 11. Bb3 Nxb3 12. cxb3 Re8 13. c4 Bc6
14. Qf3 Qd7 15. Rad1 Qg4 16. Qxg4 Nxg4 17. h3 Nf6 18. Bb2 h6 19. Nf3 Rab8 20.
Bc3 Bb7 21. b4 Rbc8 22. a4 c5 23. Ra1 cxb4 24. Bxb4 Red8 25. Nh4 Nh5 26. Nf5
Rd7 27. Nxd6 Rcd8 28. Nxb7 Rxb7 29. Re3 Nf4 30. Ra3 Rbd7 31. c5 bxc5 32. Bxc5
Nxd3 33. Bxa7 Nxf2 34. Bb6 Nd1 35. Bxd8 Nxe3 36. Rxe3 Rxd8 37. Ra3 Ra8 38. Kf2
Kf8 39. Ke2 Ke7 40. Kd3 Kd6 41. Kc4 Kc6 42. a5 g6 43. g4 Rd8 44. Rd3 Rf8 45.
Rd5 Re8 46. Rc5+ Kd6 47. a6 Ke6 48. a7 Ra8 49. Ra5 f5 50. Ra6+ Kd7 51. exf5
gxf5 52. gxf5 Re8 53. a8=Q 1-0